Simpan kira untuk usahawan

Bibliographic Details
Main Author: Sudin Haron
Format: Book
Published: Kuala Lumpur : DBP , 1990
Subjects:

MARC

LEADER 00000cam a2200000 7i4500
001 0000003834
002 000004133
005 20000330.0
020 |a 9836214674 
090 0 0 |a 657.2   |b SUD 
100 0 |a Sudin Haron 
245 1 0 |a Simpan kira untuk usahawan   |c Sudin Haron 
260 |a Kuala Lumpur :   |b DBP ,   |c 1990 
300 |a 317p. ;   |c 18cm. 
650 0 0 |a Entrepreneurship   |x Accounting 
999 |a 025067   |b BUKU   |c PINJAMAN   |e PERPUSTAKAAN KOMUNITI PETALING JAYA 
999 |a 037029   |b BUKU   |c PINJAMAN   |e PERPUSTAKAAN KOMUNITI PETALING JAYA